| 000 | 00513nam a22001697a 4500 | ||
|---|---|---|---|
| 003 | BD-ChCU | ||
| 005 | 20251228092108.0 | ||
| 008 | 251228b bg ||||| |||| 00| 0 ben d | ||
| 040 | _cBD-ChCU | ||
| 082 | _aREF 382.102 STW | ||
| 100 |
_aStopford , John M. _918351 |
||
| 245 |
_aThe world directorye of multinational enterprises ./ _cM. John , Stopford . |
||
| 260 |
_aNew York : _bFacts on file _cC 1980 |
||
| 300 | _avol . 1&2. | ||
| 650 | 0 |
_aInternational business enterprises. _918354 |
|
| 942 |
_2ddc _cBK _n0 |
||
| 999 |
_c110561 _d110561 |
||